Normal view
MARC view
Entry Personal Name
001 - CONTROL NUMBER
- control field: 1239429
003 - CONTROL NUMBER IDENTIFIER
- control field: OSt
005 - DATE AND TIME OF LATEST TRANSACTION
- control field: 20260514122521.0
008 - FIXED-LENGTH DATA ELEMENTS
- fixed length control field: 260514|| aca||aabn | a|a d
040 ## - CATALOGING SOURCE
- Original cataloging agency: OSt
- Transcribing agency: OSt
100 ## - HEADING--PERSONAL NAME
- Personal name: Dr.Rajani Mathur
670 ## - SOURCE DATA FOUND
- Source citation: Work cat.: (OSt)1851454: Singh Shivini 1239427, Part-1 Clinical Hormonal and metabolic Parameters of Different Phenotypes of Polyeystic Ovarian Syndrome: A Retrospective Case Control Study and :Current Development in Pharmacovigilance from the Regulators Perspective.
